[Event "BL 1516 Bayern München - Erfurter SK"]
[Site "?"]
[Date "2016.04.09"]
[Round "12.8"]
[White "Unzicker, Ferdinand"]
[Black "Steinacker, Alex"]
[Result "0-1"]
[WhiteElo "2305"]
[BlackElo "2193"]
[PlyCount "106"]
[EventDate "2016.??.??"]

1. c4 Nf6 2. g3 g6 3. Bg2 Bg7 4. Nc3 O-O 5. e4 d6 6. Nge2 c5 7. O-O Nc6 8. d3
Rb8 9. h3 Ne8 10. Be3 Nd4 11. Rb1 Nc7 12. b4 Nce6 13. Qd2 Bd7 14. b5 Qa5 15.
Nxd4 Nxd4 16. Nd5 Qd8 17. Kh2 e6 18. Nc3 Qa5 19. Rfc1 Qc7 20. Rf1 Qa5 21. Kh1
Nf5 22. Ne2 Qxd2 23. Bxd2 Nd4 24. Nc3 a6 25. bxa6 bxa6 26. Bg5 Nc6 27. Rfc1
Rxb1 28. Nxb1 Rb8 29. Nc3 Rb2 30. Na4 Rxf2 31. Rb1 Rxa2 32. Nb6 Be8 33. Nc8 Ra1
34. Rxa1 Bxa1 35. Nxd6 Bd7 36. Nb7 Bd4 37. Bf4 e5 38. Bd2 f6 39. Bf1 Kf7 40.
Kg2 Ke6 41. Be2 Nb4 42. Bh6 Ke7 43. h4 Bc6 44. Na5 Ba4 45. Bg4 Nxd3 46. Bc8 Bc3
47. Nb7 Bd1 48. Be3 Bb4 49. g4 a5 50. g5 a4 51. gxf6+ Kxf6 52. Bg5+ Kg7 53. Nd6
a3 0-1

[Event "BL 1516 SV Mülheim Nord - Werder Breme"]
[Site "?"]
[Date "2016.04.09"]
[Round "12.1"]
[White "Areshchenko, Alexander"]
[Black "Navara, David"]
[Result "0-1"]
[WhiteElo "2674"]
[BlackElo "2726"]
[PlyCount "68"]
[EventDate "2016.??.??"]

1. e4 c6 2. d4 d5 3. e5 Bf5 4. Nf3 e6 5. Be2 Nd7 6. O-O Bg6 7. Nbd2 Nh6 8. Nb3
Be7 9. Bxh6 gxh6 10. Qd2 Qb6 11. c3 a5 12. Nc1 c5 13. Nd3 h5 14. dxc5 Nxc5 15.
Nxc5 Bxc5 16. a4 O-O 17. Bb5 Kh8 18. Rae1 Rac8 19. Kh1 d4 20. Nxd4 Rfd8 21. Rd1
Bxd4 22. cxd4 Bc2 23. h3 Bxd1 24. Rxd1 Rg8 25. Qh6 Rg7 26. Qxh5 Rc2 27. Qf3
Rxb2 28. Rc1 Qd8 29. d5 Qg5 30. Rc8+ Rg8 31. Rxg8+ Kxg8 32. dxe6 fxe6 33. g3
Qf5 34. Qxf5 exf5 0-1

[Event "BL 1516 SV Mülheim Nord - Werder Breme"]
[Site "?"]
[Date "2016.04.09"]
[Round "12.2"]
[White "Tregubov, Pavel V"]
[Black "Efimenko, Zahar"]
[Result "1-0"]
[WhiteElo "2588"]
[BlackElo "2665"]
[PlyCount "69"]
[EventDate "2016.??.??"]

1. d4 Nf6 2. c4 e6 3. Nc3 Bb4 4. e3 O-O 5. Bd3 d5 6. Nge2 dxc4 7. Bxc4 c5 8. a3
Bxc3+ 9. bxc3 Qc7 10. Ba2 b6 11. O-O Ba6 12. Bb2 Nc6 13. Rc1 Rfd8 14. c4 cxd4
15. exd4 Rac8 16. d5 Ne5 17. Ng3 exd5 18. cxd5 Qb8 19. Rxc8 Rxc8 20. d6 Bxf1
21. Bxe5 Ba6 22. h3 Nd7 23. Bb2 Rc5 24. Qg4 Qf8 25. Nf5 Rxf5 26. Qxf5 Bc8 27.
Bb1 g6 28. Qf4 f6 29. g4 Qf7 30. g5 Qd5 31. gxf6 Kf7 32. Be4 Qb3 33. Qd2 Qxh3
34. Bd5+ Kf8 35. Qe2 1-0

[Event "BL 1516 SV Mülheim Nord - Werder Breme"]
[Site "?"]
[Date "2016.04.09"]
[Round "12.3"]
[White "Edouard, Romain"]
[Black "Fridman, Daniel"]
[Result "1-0"]
[WhiteElo "2632"]
[BlackElo "2622"]
[PlyCount "159"]
[EventDate "2016.??.??"]

1. d4 Nf6 2. c4 e6 3. Nc3 d5 4. Nf3 Be7 5. Bf4 O-O 6. a3 dxc4 7. e3 Nd5 8. Bxc4
Nxf4 9. exf4 Bf6 10. Qd2 b6 11. O-O-O Bb7 12. Qe3 Nc6 13. d5 exd5 14. Bxd5 Qc8
15. Ne4 Be7 16. Neg5 Bxg5 17. Nxg5 Nd8 18. Qe4 g6 19. h4 Bxd5 20. Rxd5 Ne6 21.
f5 Nc5 22. Qc4 gxf5 23. Rh3 c6 24. Rd6 Qc7 25. Rh6 Qe5 26. Re3 Qd5 27. Qc2 f6
28. Rg3 Nb3+ 29. Rxb3 fxg5 30. Rg3 Qe5 31. Re3 Qg7 32. hxg5 Rae8 33. Qc4+ Kh8
34. Qf4 Rxe3 35. Qxe3 f4 36. Qh3 Qf7 37. Qc3+ Qg7 38. Qh3 Qf7 39. Qd3 Qg7 40.
Kb1 c5 41. Qh3 Kg8 42. g6 hxg6 43. Qe6+ Qf7 44. Rxg6+ Kh7 45. Qxf7+ Rxf7 46.
Rg4 Kh6 47. f3 b5 48. Kc2 Rf8 49. Kd3 Rd8+ 50. Kc3 Rf8 51. b3 Re8 52. Rxf4 Re3+
53. Kc2 Re2+ 54. Kd3 Rxg2 55. Rf5 Rg5 56. Rf6+ Kg7 57. Ra6 Rd5+ 58. Ke4 Rd4+
59. Ke3 Rd7 60. Rc6 Rd5 61. Ra6 Rd7 62. Rc6 Rd5 63. Rc7+ Kf6 64. Rxa7 c4 65.
bxc4 bxc4 66. a4 Rc5 67. Kd2 Rf5 68. Ra8 Ke7 69. a5 Kd7 70. a6 Kc7 71. a7 c3+
72. Kd3 Kb7 73. Rc8 Kxa7 74. Ke4 Kb7 75. Rxc3 Rf8 76. f4 Re8+ 77. Kd5 Rf8 78.
Ke5 Re8+ 79. Kd6 Rf8 80. Rc4 1-0

[Event "BL 1516 SV Mülheim Nord - Werder Breme"]
[Site "?"]
[Date "2016.04.09"]
[Round "12.4"]
[White "Landa, Konstantin"]
[Black "Nyback, Tomi"]
[Result "1/2-1/2"]
[WhiteElo "2618"]
[BlackElo "2579"]
[PlyCount "154"]
[EventDate "2016.??.??"]

1. e4 e5 2. Nf3 Nc6 3. Bc4 Bc5 4. O-O Nf6 5. d3 d6 6. c3 Bb6 7. a4 a5 8. h3 Ne7
9. Re1 Ng6 10. d4 O-O 11. Bb3 c6 12. Nbd2 Bc7 13. Bc2 Re8 14. Nf1 d5 15. Ng3
exd4 16. Qxd4 Bxg3 17. fxg3 Nxe4 18. Bxe4 dxe4 19. Rxe4 Qxd4+ 20. Rxd4 Be6 21.
Kf2 c5 22. Rd6 Ne7 23. Bf4 Nc8 24. Rd3 Nb6 25. Bc7 Bf5 26. Rdd1 Nc4 27. b3 Rac8
28. Re1 Rxe1 29. Rxe1 Nb2 30. Re7 c4 31. bxc4 Nxc4 32. Ne5 Nxe5 33. Bxe5 f6 34.
Bd4 Rc4 35. g4 Bg6 36. Rxb7 Rxa4 37. Kf3 h6 38. Rb8+ Kf7 39. Rb7+ Kg8 40. Rb8+
Kf7 41. h4 Ra1 42. Rb7+ Kf8 43. g5 hxg5 44. hxg5 Rf1+ 45. Ke2 Rf5 46. gxf6 gxf6
47. Ra7 Rg5 48. Kf3 Bh5+ 49. Kf2 Rf5+ 50. Ke3 Rg5 51. Bxf6 Rxg2 52. Rxa5 Be8
53. Ra7 Bb5 54. Rb7 Bf1 55. Kf4 Rc2 56. Kf5 Bc4 57. Rc7 Ba2 58. Kg6 Rg2+ 59.
Bg5 Bb1+ 60. Kf6 Rf2+ 61. Ke6 Ba2+ 62. Kd6 Rc2 63. Bh6+ Kg8 64. Be3 Kf8 65. Bd4
Rc1 66. Ra7 Bb3 67. Rb7 Ba2 68. Rb2 Bc4 69. Rf2+ Kg8 70. Rf5 Kh7 71. Rc5 Bb3
72. Rg5 Rc2 73. Ke7 Re2+ 74. Kf6 Re6+ 75. Kf5 Rg6 76. Rh5+ Rh6 77. Rxh6+ Kxh6
1/2-1/2

[Event "BL 1516 SV Mülheim Nord - Werder Breme"]
[Site "?"]
[Date "2016.04.09"]
[Round "12.5"]
[White "Smerdon, David"]
[Black "Berelowitsch, Alexander"]
[Result "0-1"]
[WhiteElo "2529"]
[BlackElo "2518"]
[PlyCount "126"]
[EventDate "2016.??.??"]

1. e4 e6 2. d4 d5 3. e5 c5 4. c3 Nc6 5. Nf3 Bd7 6. Bd3 cxd4 7. cxd4 Qb6 8. O-O
Nxd4 9. Nbd2 Ne7 10. Nxd4 Qxd4 11. Nf3 Qa4 12. b3 Qa5 13. Bd2 Qd8 14. Ng5 Nc6
15. f4 g6 16. a3 Be7 17. Kh1 Nxe5 18. Bc3 Bf6 19. Bxe5 Bxe5 20. Nxf7 Kxf7 21.
fxe5+ Kg7 22. Qg4 Rf8 23. h4 Qe7 24. h5 Rxf1+ 25. Rxf1 Rf8 26. Rxf8 Kxf8 27.
hxg6 h6 28. g7+ Qxg7 29. Qb4+ Qe7 30. Qxb7 Qh4+ 31. Kg1 Qd4+ 32. Kh1 Qh4+ 33.
Kg1 Qd4+ 34. Kh1 Qa1+ 35. Kh2 Qxe5+ 36. g3 Ke8 37. Qa8+ Ke7 38. Qxa7 Qb2+ 39.
Kh3 Qxb3 40. Qc5+ Kf7 41. Qd6 Ke8 42. Bg6+ Kd8 43. Kh4 Qe3 44. Qf8+ Kc7 45.
Qf4+ Qxf4+ 46. gxf4 Kd8 47. Bc2 Ke7 48. Kh5 Kf6 49. Kxh6 Bb5 50. a4 Bc4 51. Kh5
Be2+ 52. Kh4 d4 53. Bb3 d3 54. Bc4 Bf1 55. Bb3 d2 56. Bd1 Kf5 57. Kg3 Ke4 58.
Kg4 Ke3 59. Kg5 Be2 60. Bb3 Kd4 61. a5 Kc3 62. Ba4 Kb4 63. Bc2 Kxa5 0-1

[Event "BL 1516 SV Mülheim Nord - Werder Breme"]
[Site "?"]
[Date "2016.04.09"]
[Round "12.6"]
[White "Hausrath, Daniel"]
[Black "Werle, Jan"]
[Result "0-1"]
[WhiteElo "2501"]
[BlackElo "2554"]
[PlyCount "82"]
[EventDate "2016.??.??"]

1. Nf3 Nf6 2. g3 e6 3. Bg2 d5 4. d4 Be7 5. c4 O-O 6. Qc2 c5 7. dxc5 d4 8. Ne5
Qa5+ 9. Nd2 Qxc5 10. Ndf3 Nc6 11. Nxc6 bxc6 12. O-O e5 13. b4 Qd6 14. c5 Qc7
15. b5 Nd5 16. bxc6 Be6 17. Rb1 Bf6 18. Bg5 Qd8 19. Bd2 Rc8 20. Qe4 Ne7 21. g4
Bd5 22. Qc2 Nxc6 23. e4 Be6 24. g5 Be7 25. Rb7 Rc7 26. Rfb1 Qc8 27. Rxc7 Qxc7
28. Ne1 Rb8 29. Nd3 Rxb1+ 30. Qxb1 Bc4 31. Bh3 Bxd3 32. Qxd3 Bxc5 33. Qc4 Bb6
34. Qd5 g6 35. Kg2 Ba5 36. Bc1 Kg7 37. f4 Nb4 38. Qxe5+ Qxe5 39. fxe5 Nd3 40.
Ba3 Nf4+ 41. Kg3 Nxh3 0-1

[Event "BL 1516 SV Mülheim Nord - Werder Breme"]
[Site "?"]
[Date "2016.04.09"]
[Round "12.7"]
[White "Markgraf, Alexander"]
[Black "Feygin, Michael"]
[Result "1-0"]
[WhiteElo "2510"]
[BlackElo "2471"]
[PlyCount "67"]
[EventDate "2016.??.??"]

1. e4 e6 2. d4 d5 3. Nc3 Nf6 4. e5 Nfd7 5. f4 c5 6. Nf3 Nc6 7. Be3 b6 8. Be2
Be7 9. O-O O-O 10. Kh1 Bb7 11. Qe1 f6 12. Qg3 cxd4 13. Nxd4 Nxd4 14. Bxd4 f5
15. Qe3 Nc5 16. b4 Ne4 17. Nxe4 dxe4 18. c3 Qc7 19. a4 Rfc8 20. a5 Bd8 21. Rfc1
Qd7 22. b5 Rab8 23. c4 Ba8 24. c5 bxc5 25. Bxc5 Rb7 26. Rd1 Qf7 27. Qd4 h6 28.
Qxd8+ Rxd8 29. Rxd8+ Kh7 30. Rxa8 Rc7 31. Rxa7 Rxa7 32. Bxa7 Qxa7 33. b6 Qd7
34. Rb1 1-0

[Event "BL 1516 SV Mülheim Nord - Werder Breme"]
[Site "?"]
[Date "2016.04.09"]
[Round "12.8"]
[White "Saltaev, Mihail"]
[Black "Meins, Gerlef"]
[Result "1/2-1/2"]
[WhiteElo "2483"]
[BlackElo "2414"]
[PlyCount "59"]
[EventDate "2016.??.??"]

1. e4 c5 2. Nf3 Nc6 3. d4 cxd4 4. Nxd4 Nf6 5. Nc3 d6 6. g3 g6 7. Nde2 Bg7 8.
Bg2 O-O 9. O-O Rb8 10. a4 a6 11. Nd5 b5 12. axb5 axb5 13. Bg5 Nd7 14. Qc1 Re8
15. Rd1 Nc5 16. Bh6 Bh8 17. Be3 e6 18. Nb4 Qc7 19. Nxc6 Qxc6 20. e5 d5 21. Bd4
b4 22. Qe3 Nd7 23. Rdc1 Ra8 24. Rxa8 Qxa8 25. f4 Ba6 26. Ra1 Qc6 27. Nc1 Bg7
28. Nd3 Bf8 29. Bf1 Ra8 30. Rc1 1/2-1/2

[Event "BL 1516 Hansa Dortmund - Turm Emsdetten"]
[Site "?"]
[Date "2016.04.09"]
[Round "12.1"]
[White "Spoelman, Wouter"]
[Black "Heberla, Bartlomiej"]
[Result "1/2-1/2"]
[WhiteElo "2582"]
[BlackElo "2532"]
[PlyCount "66"]
[EventDate "2016.??.??"]

1. c4 e6 2. Nc3 d5 3. d4 Nf6 4. cxd5 exd5 5. Bg5 c6 6. e3 Be7 7. Bd3 Nbd7 8.
Nge2 Nh5 9. Bxe7 Qxe7 10. Qc2 g6 11. O-O-O Nb6 12. Kb1 Ng7 13. h4 Bf5 14. Bxf5
Nxf5 15. h5 O-O-O 16. Rh3 Kb8 17. Rdh1 Rhf8 18. hxg6 hxg6 19. Rh7 Qf6 20. Qd1
Rh8 21. Nf4 Rxh7 22. Rxh7 Rh8 23. Qh1 Rxh7 24. Qxh7 Nd6 25. g4 a6 26. b3 Ka7
27. Qh1 Qg5 28. Qg2 f5 29. gxf5 Qxf5+ 30. Kc1 g5 31. Nfe2 Qd3 32. Qf1 Nd7 33.
Qd1 Qf5 1/2-1/2

[Event "BL 1516 Hansa Dortmund - Turm Emsdetten"]
[Site "?"]
[Date "2016.04.09"]
[Round "12.2"]
[White "Zelbel, Patrick"]
[Black "Pruijssers, Roeland"]
[Result "1-0"]
[WhiteElo "2437"]
[BlackElo "2467"]
[PlyCount "27"]
[EventDate "2016.??.??"]

1. e4 e5 2. f4 d5 3. exd5 e4 4. d3 Nf6 5. dxe4 Nxe4 6. Nf3 Bc5 7. Qe2 Bf5 8.
Nc3 Qe7 9. Be3 Nxc3 10. Bxc5 Nxe2 11. Bxe7 Nxf4 12. Ba3 Nd7 13. O-O-O O-O-O 14.
Rd4 1-0

[Event "BL 1516 Hansa Dortmund - Turm Emsdetten"]
[Site "?"]
[Date "2016.04.09"]
[Round "12.3"]
[White "Burg, Twan"]
[Black "Pap, Misa"]
[Result "1/2-1/2"]
[WhiteElo "2494"]
[BlackElo "2480"]
[PlyCount "73"]
[EventDate "2016.??.??"]

1. e4 c5 2. Nf3 Nc6 3. Bb5 g6 4. Bxc6 dxc6 5. d3 Bg7 6. h3 e5 7. Nc3 Qe7 8. O-O
Nf6 9. Be3 O-O 10. Qc1 Re8 11. a4 b6 12. Bh6 Nh5 13. Bxg7 Kxg7 14. Ne2 Qf6 15.
Qg5 Qxg5 16. Nxg5 h6 17. Nf3 g5 18. g4 Nf4 19. Nxf4 exf4 20. Nd2 h5 21. f3 hxg4
22. hxg4 Be6 23. Kf2 Kf6 24. Rh1 Rh8 25. Ke2 Ke5 26. a5 b5 27. c3 c4 28. dxc4
bxc4 29. Rxh8 Rxh8 30. Ra4 Rb8 31. Nxc4+ Bxc4+ 32. Rxc4 Rxb2+ 33. Kd3 Kd6 34.
Rd4+ Ke6 35. Rc4 Kd6 36. Rd4+ Ke6 37. Rc4 1/2-1/2

[Event "BL 1516 Hansa Dortmund - Turm Emsdetten"]
[Site "?"]
[Date "2016.04.09"]
[Round "12.5"]
[White "Janssen, Ruud"]
[Black "Mainka, Romuald"]
[Result "1-0"]
[WhiteElo "2493"]
[BlackElo "2405"]
[PlyCount "118"]
[EventDate "2016.??.??"]

1. c4 e5 2. g3 Nf6 3. Bg2 d5 4. cxd5 Nxd5 5. Nc3 Nb6 6. Nf3 Nc6 7. O-O Be7 8.
a3 O-O 9. d3 Be6 10. b4 a5 11. b5 Nd4 12. Nxe5 Bf6 13. f4 Bxe5 14. fxe5 Nb3 15.
Be3 Nxa1 16. Qxa1 Nd5 17. Bc5 Re8 18. Ne4 b6 19. Bf2 a4 20. Rb1 h6 21. Nd2 Qd7
22. e4 Ne7 23. d4 Bh3 24. Bxh3 Qxh3 25. Qc3 Ng6 26. Rc1 Rad8 27. Qb4 Rd7 28.
Re1 Qg4 29. Kh1 Red8 30. Be3 h5 31. Qc3 Re8 32. Bf2 h4 33. gxh4 Nf4 34. Qf3
Qxf3+ 35. Nxf3 Nd3 36. Re2 f6 37. Bg3 fxe5 38. Rd2 Nf4 39. Rc2 Nh5 40. Bxe5 Rf8
41. Ng5 Nf6 42. h3 Ra8 43. Rc6 Ne8 44. d5 Ra5 45. h5 Re7 46. Bc3 Rxb5 47. h6
Rc5 48. h7+ Kh8 49. Rxc5 bxc5 50. Kg2 Nf6 51. Kf3 Nxh7 52. Ne6 Kg8 53. Nxc5 Kf7
54. e5 Re8 55. h4 Kg6 56. Ne6 c6 57. d6 Nf8 58. h5+ Kf7 59. Ng5+ Kg8 1-0

[Event "BL 1516 Hansa Dortmund - Turm Emsdetten"]
[Site "?"]
[Date "2016.04.09"]
[Round "12.6"]
[White "Kotter, Ralf"]
[Black "Fiebig, Thomas"]
[Result "1/2-1/2"]
[WhiteElo "2348"]
[BlackElo "2429"]
[PlyCount "137"]
[EventDate "2016.??.??"]

1. e4 e6 2. d4 d5 3. e5 c5 4. c3 Bd7 5. Nf3 Nc6 6. a3 c4 7. Nbd2 Na5 8. g3 Bc6
9. h4 Qd7 10. Bh3 Ba4 11. Qe2 h6 12. h5 O-O-O 13. Nf1 Nb3 14. Rb1 Nxc1 15. Rxc1
Ne7 16. Ne3 Kb8 17. Nh4 Rg8 18. O-O g5 19. Nhg2 Bg7 20. Ng4 Nf5 21. Kh2 Rgf8
22. Rce1 Qe7 23. N4e3 Nxe3 24. Nxe3 Rde8 25. Ng4 a6 26. Kg2 Ka8 27. f3 Ka7 28.
Rf2 Rh8 29. Qe3 Ref8 30. Ref1 Bd7 31. f4 Ka8 32. fxg5 hxg5 33. Nf6 Bh6 34. Bg4
Ba4 35. Qe2 Ka7 36. Rh1 Ka8 37. Qe1 Ka7 38. Bd1 Bxd1 39. Qxd1 Rc8 40. Ng4 Rc7
41. Rf6 Bg7 42. Rf2 Qf8 43. Qd2 Bh6 44. Rf3 Qg8 45. Qc2 Qf8 46. Qf2 Qe8 47.
Nxh6 Rxh6 48. g4 Rh7 49. Qe3 Qg8 50. Rf6 Rc6 51. Rhf1 Rg7 52. Qf3 Rc7 53. Rf2
Qh7 54. Qe2 Qg8 55. Kg3 a5 56. Qc2 Ka6 57. h6 Rh7 58. Rh2 Rc6 59. Qc1 Rb6 60.
Qf1 Ka7 61. Rhf2 Rc6 62. Qd1 Rb6 63. Qa4 Ka6 64. Qd7 Qh8 65. Rh2 Qf8 66. Qa4
Rb3 67. Qd7 Rb6 68. Qa4 Rb3 69. Qd7 1/2-1/2

[Event "BL 1516 Hansa Dortmund - Turm Emsdetten"]
[Site "?"]
[Date "2016.04.09"]
[Round "12.7"]
[White "Zumsande, Martin"]
[Black "Karger, Frank"]
[Result "1-0"]
[WhiteElo "2483"]
[BlackElo "2276"]
[PlyCount "101"]
[EventDate "2016.??.??"]

1. e4 c5 2. c3 e6 3. d4 cxd4 4. cxd4 d5 5. e5 Nc6 6. Nc3 Nge7 7. Nf3 Nf5 8. Be3
Be7 9. Bd3 Nxe3 10. fxe3 Bd7 11. O-O O-O 12. a3 f5 13. Kh1 Rc8 14. Rc1 Na5 15.
Nd2 b5 16. b4 Nc4 17. Bxc4 dxc4 18. Nf3 Bc6 19. d5 Bxd5 20. Nxb5 Qb6 21. Nc3
Ba8 22. Qe2 f4 23. e4 a5 24. Rb1 axb4 25. axb4 Rfd8 26. Rfd1 Rxd1+ 27. Qxd1 Rd8
28. Qc2 Qe3 29. Re1 Qd3 30. Qb2 g5 31. h3 h5 32. Rd1 Qe3 33. Rxd8+ Bxd8 34. Qd2
Qd3 35. Qxd3 cxd3 36. Ne1 d2 37. Nf3 Bxe4 38. Nxd2 Bd3 39. Nde4 Bc7 40. Nxg5
Bxe5 41. Na4 Bd6 42. Nc5 Bc4 43. Ngxe6 Bxe6 44. Nxe6 Bxb4 45. Nxf4 h4 46. Kg1
Kf7 47. Kf2 Ba5 48. Kf3 Kf6 49. Kg4 Be1 50. Nd5+ Ke5 51. Ne7 1-0

[Event "BL 1516 Hansa Dortmund - Turm Emsdetten"]
[Site "?"]
[Date "2016.04.09"]
[Round "12.8"]
[White "Schroeder, Kevin"]
[Black "Richter, Christian"]
[Result "1/2-1/2"]
[WhiteElo "2345"]
[BlackElo "2356"]
[PlyCount "106"]
[EventDate "2016.??.??"]

1. d4 Nf6 2. c4 g6 3. Nc3 Bg7 4. e4 d6 5. Be2 Na6 6. Be3 O-O 7. Qd2 e5 8. d5 c6
9. dxc6 bxc6 10. Rd1 Qa5 11. Bf3 Rd8 12. Nge2 Qb4 13. b3 Nc5 14. O-O a5 15. Nc1
Ba6 16. Qc2 Ne6 17. Nd3 Qb8 18. Nb2 c5 19. Be2 Nd4 20. Qd2 Bb7 21. f3 Bc6 22.
Rfe1 Re8 23. Bf1 Qb7 24. Nb5 Red8 25. Nc3 Re8 26. Nba4 Bf8 27. Nb5 Nxb5 28.
cxb5 Bxb5 29. Bxb5 Qxb5 30. Nc3 Qb4 31. Bg5 Nd7 32. Nd5 Qxd2 33. Rxd2 Ra7 34.
a4 Rb7 35. Nc3 f6 36. Bh4 Rxb3 37. Nb5 Rb8 38. Nxd6 Bh6 39. Rdd1 Be3+ 40. Rxe3
Rxe3 41. Nc4 Rc3 42. Nxa5 g5 43. Be1 Rc2 44. Rxd7 Rb1 45. Kf1 Rcc1 46. Kf2 Rxe1
47. Nc6 Red1 48. Ne7+ Kf8 49. Nd5 Rb2+ 50. Kg3 h5 51. Nxf6 Rg1 52. Nh7+ Ke8 53.
Nf6+ Kf8 1/2-1/2

[Event "BL 1516 USV TU Dresden - SG Solingen"]
[Site "?"]
[Date "2016.04.09"]
[Round "12.1"]
[White "Rapport, Richard"]
[Black "Gajewski, Grzegorz"]
[Result "1-0"]
[WhiteElo "2717"]
[BlackElo "2627"]
[PlyCount "69"]
[EventDate "2016.??.??"]

1. Nf3 d5 2. g3 Nf6 3. Bg2 e6 4. O-O Be7 5. d3 O-O 6. Nbd2 a5 7. e4 a4 8. Re1
a3 9. e5 axb2 10. Bxb2 Nfd7 11. Nd4 Nc5 12. N2b3 Nbd7 13. Bc3 Ra6 14. h4 Na4
15. Bd2 c5 16. Nb5 f6 17. exf6 Bxf6 18. Rb1 Ne5 19. Qe2 c4 20. f4 Nxd3 21. cxd3
cxb3 22. axb3 Qb6+ 23. d4 Nb2 24. Rxb2 Bd7 25. Nc3 Qxd4+ 26. Kh2 Rc8 27. Rc2
Rac6 28. Nb5 Qb6 29. Rxc6 bxc6 30. Nd6 Ra8 31. Bh3 h6 32. Bxe6+ Bxe6 33. Qxe6+
Kh7 34. Qf5+ Kg8 35. Kh3 1-0

[Event "BL 1516 USV TU Dresden - SG Solingen"]
[Site "?"]
[Date "2016.04.09"]
[Round "12.3"]
[White "L'Ami, Erwin"]
[Black "Socko, Bartosz"]
[Result "1/2-1/2"]
[WhiteElo "2614"]
[BlackElo "2584"]
[PlyCount "94"]
[EventDate "2016.??.??"]

1. d4 Nf6 2. c4 e6 3. Nf3 d5 4. Nc3 c5 5. cxd5 Nxd5 6. g3 Nxc3 7. bxc3 cxd4 8.
cxd4 Bb4+ 9. Bd2 Bxd2+ 10. Qxd2 Bd7 11. e4 Nc6 12. Bd3 Qa5 13. Rb1 b6 14. Qxa5
Nxa5 15. Kd2 Ke7 16. Rhc1 f6 17. Ke3 Rac8 18. Nd2 Rxc1 19. Rxc1 Rc8 20. Rxc8
Bxc8 21. f4 Nc6 22. a3 e5 23. dxe5 fxe5 24. Nf3 Kd6 25. f5 h6 26. g4 a6 27. h4
b5 28. g5 hxg5 29. hxg5 Bd7 30. g6 Ke7 31. Kd2 Kf6 32. Kc3 Nd8 33. Kd2 a5 34.
Ke3 b4 35. axb4 axb4 36. Bc4 Nb7 37. Nh2 Nd6 38. Ng4+ Kg5 39. Nxe5 Nxc4+ 40.
Nxc4 Bxf5 41. exf5 Kxf5 42. Kd4 Kxg6 43. Kc5 b3 44. Kb4 Kf7 45. Kxb3 g6 46.
Ne5+ Kf6 47. Nxg6 Kxg6 1/2-1/2

[Event "BL 1516 USV TU Dresden - SG Solingen"]
[Site "?"]
[Date "2016.04.09"]
[Round "12.4"]
[White "Maiwald, Jens-Uwe"]
[Black "Van Kampen, Robin"]
[Result "1-0"]
[WhiteElo "2454"]
[BlackElo "2643"]
[PlyCount "93"]
[EventDate "2016.??.??"]

1. Nf3 d5 2. g3 c6 3. Bg2 Bg4 4. O-O Nd7 5. d3 Ngf6 6. Nbd2 e5 7. e4 dxe4 8.
dxe4 Be7 9. h3 Bh5 10. Qe1 O-O 11. Nc4 Qc7 12. Nh4 Rfe8 13. Nf5 Bf8 14. Bg5 b5
15. Qa5 Qb8 16. Nd2 Qb6 17. Nb3 c5 18. g4 Bg6 19. Rfd1 c4 20. Qxb6 axb6 21. Nd2
h6 22. Bh4 Re6 23. b3 c3 24. Nf1 Ba3 25. N1e3 Bb2 26. Rab1 Rxa2 27. Bf1 Nc5 28.
f3 Ne8 29. Bxb5 Nc7 30. Bc4 b5 31. Bxe6 N5xe6 32. Ne7+ Kh7 33. Nc6 Nf4 34. Nxe5
Nxh3+ 35. Kh2 Nf4 36. Rd7 Nce6 37. b4 Ne2 38. Re1 N2d4 39. f4 Bxe4 40. f5 Nxc2
41. Nxc2 Ng5 42. Bxg5 Bxc2 43. Bf4 Bb3 44. Kg3 Ba3 45. g5 Bc2 46. g6+ fxg6 47.
f6 1-0

[Event "BL 1516 USV TU Dresden - SG Solingen"]
[Site "?"]
[Date "2016.04.09"]
[Round "12.5"]
[White "Smeets, Jan"]
[Black "Loxine, Jakov"]
[Result "1/2-1/2"]
[WhiteElo "2604"]
[BlackElo "2405"]
[PlyCount "113"]
[EventDate "2016.??.??"]

1. e4 Nc6 2. Nf3 d6 3. d4 Nf6 4. Nc3 g6 5. Be3 Bg7 6. Qd2 O-O 7. h3 a6 8. O-O-O
b5 9. Bd3 e5 10. dxe5 Nxe5 11. Nxe5 dxe5 12. Bc5 Be6 13. Qe3 Nd7 14. Bxf8 Qxf8
15. g4 Nc5 16. Kb1 Rb8 17. Ne2 Na4 18. Qa7 Qc8 19. Qe3 Qf8 20. Nc1 c5 21. c3 c4
22. Bc2 Nc5 23. Rd2 Qe7 24. f4 exf4 25. Qxf4 Rc8 26. e5 a5 27. Bf5 b4 28. Bxe6
Nxe6 29. Qg3 Qb7 30. Re1 Bh6 31. Rf2 Rd8 32. Qf3 Qd7 33. h4 Bd2 34. Ref1 bxc3
35. Qxf7+ Qxf7 36. Rxf7 cxb2 37. Ne2 c3 38. R7f6 Nc5 39. Rc6 Ne4 40. Rc4 Be1
41. Rxe1 Nd2+ 42. Kc2 Nxc4 43. Nxc3 Kf7 44. Ne4 Rb8 45. Nd6+ Nxd6 46. exd6
b1=Q+ 47. Rxb1 Rxb1 48. Kxb1 Ke6 49. Kc2 Kxd6 50. Kb3 Kc5 51. Ka4 Kb6 52. g5
Ka6 53. Ka3 Kb5 54. Kb3 Kc5 55. Kc3 Kd5 56. Kd3 Kc5 57. Kc3 1/2-1/2

[Event "BL 1516 USV TU Dresden - SG Solingen"]
[Site "?"]
[Date "2016.04.09"]
[Round "12.6"]
[White "Neef, Maximilian"]
[Black "Sandipan, Chanda"]
[Result "1/2-1/2"]
[WhiteElo "2438"]
[BlackElo "2585"]
[PlyCount "64"]
[EventDate "2016.??.??"]

1. Nf3 d5 2. g3 g6 3. c4 e6 4. Bg2 Bg7 5. O-O Ne7 6. d4 O-O 7. Nc3 Nbc6 8. e3
b6 9. cxd5 exd5 10. b3 a5 11. a3 Bb7 12. Rb1 Nf5 13. b4 Nce7 14. b5 Nd6 15. Nd2
Qd7 16. a4 Qe6 17. Qb3 Rad8 18. Ba3 f5 19. Rbc1 Rd7 20. Rfe1 g5 21. Nf3 h6 22.
Ne5 Bxe5 23. dxe5 Qxe5 24. f4 Qe6 25. e4 fxe4 26. Nxe4 Nxe4 27. Rxe4 Qf7 28.
Rxe7 Rxe7 29. Bxe7 Qxe7 30. Bxd5+ Bxd5 31. Qxd5+ Rf7 32. Rf1 Qe3+ 1/2-1/2

[Event "BL 1516 USV TU Dresden - SG Solingen"]
[Site "?"]
[Date "2016.04.09"]
[Round "12.7"]
[White "Nikolic, Predrag"]
[Black "Hoffmann, Paul"]
[Result "1/2-1/2"]
[WhiteElo "2622"]
[BlackElo "2364"]
[PlyCount "89"]
[EventDate "2016.??.??"]

1. d4 Nf6 2. c4 e6 3. Nf3 Bb4+ 4. Bd2 Qe7 5. Nc3 b6 6. g3 Bb7 7. Bg2 Bxc3 8.
Bxc3 Ne4 9. Rc1 O-O 10. O-O f5 11. Be1 d6 12. Nd2 Nd7 13. Nxe4 Bxe4 14. Bxe4
fxe4 15. Bd2 Qf6 16. Be3 Qf5 17. Kg2 a5 18. Rc3 Rf7 19. h3 h5 20. Qd2 Raf8 21.
f3 exf3+ 22. exf3 e5 23. Bg1 Nf6 24. Re1 e4 25. d5 Qg6 26. Qd1 h4 27. g4 exf3+
28. Qxf3 Nd7 29. Qe4 Qf6 30. Qe6 Qf4 31. Qe4 Ne5 32. Qxf4 Rxf4 33. b3 Nf3 34.
Re2 Nxg1 35. Kxg1 Rf1+ 36. Kg2 Ra1 37. Rce3 Rff1 38. Re7 Rg1+ 39. Kf2 Raf1+ 40.
Ke3 Rg3+ 41. Ke4 g5 42. Kd4 Rd1+ 43. Ke4 Rf1 44. Kd4 Rd1+ 45. Ke4 1/2-1/2

[Event "BL 1516 USV TU Dresden - SG Solingen"]
[Site "?"]
[Date "2016.04.09"]
[Round "12.8"]
[White "Uhlmann, Wolfgang"]
[Black "Naumann, Alexander"]
[Result "0-1"]
[WhiteElo "2314"]
[BlackElo "2555"]
[PlyCount "116"]
[EventDate "2016.??.??"]

1. c4 c6 2. Nf3 d5 3. b3 Bg4 4. Bb2 Nd7 5. e3 Ngf6 6. Be2 e6 7. O-O Bd6 8. d3
Qe7 9. Nbd2 O-O 10. Nd4 Bxe2 11. Qxe2 Ba3 12. Bxa3 Qxa3 13. N2f3 e5 14. Nc2 Qe7
15. e4 dxe4 16. dxe4 Nc5 17. Nd2 Rfd8 18. Rfd1 Rd7 19. f3 Rad8 20. Nf1 Ne6 21.
Nfe3 Nd4 22. Nxd4 exd4 23. Nf5 Qe5 24. Qd3 g6 25. Nh4 Nh5 26. g3 Qe7 27. Ng2
Ng7 28. Rd2 Ne6 29. Rad1 a5 30. Re1 Qb4 31. Rc2 a4 32. Qd2 Qb6 33. Rb2 d3+ 34.
Ne3 Nd4 35. Kg2 a3 36. Rbb1 Nc2 37. Ng4 Nxe1+ 38. Rxe1 Qd4 39. Qg5 d2 40. Rd1
Rd6 41. e5 Re6 42. Qh6 f5 43. Nf6+ Rxf6 44. exf6 Qxf6 45. Rxd2 Rxd2+ 46. Qxd2
Qb2 47. Qf2 g5 48. Kf1 Kf7 49. Qe2 Kf6 50. Qd3 Ke5 51. h4 Qa1+ 52. Kg2 Qxa2+
53. Kh3 Qa1 54. Qe3+ Kd6 55. Qd3+ Ke6 56. Qe3+ Kf7 57. Kg2 Qb2+ 58. Kh3 a2 0-1

[Event "BL 1516 Schachfr. Berlin - SG Turm Trie"]
[Site "?"]
[Date "2016.04.09"]
[Round "12.1"]
[White "Erdos, Viktor"]
[Black "Kraemer, Martin"]
[Result "0-1"]
[WhiteElo "2577"]
[BlackElo "2570"]
[PlyCount "98"]
[EventDate "2016.??.??"]

1. Nf3 d5 2. g3 c5 3. Bg2 Nf6 4. O-O e6 5. d4 cxd4 6. b3 Nc6 7. Nxd4 Bc5 8. Bb2
O-O 9. c4 Bd7 10. cxd5 Nxd5 11. Nc2 Qe7 12. Nd2 a5 13. a3 Rfd8 14. e3 Nf6 15.
Qe2 e5 16. Rfd1 Bg4 17. Bf3 Bf5 18. e4 Be6 19. Nc4 Qc7 20. a4 Bxc4 21. bxc4 Qb6
22. Ne3 Bxe3 23. fxe3 Rxd1+ 24. Rxd1 Rd8 25. Rxd8+ Qxd8 26. c5 h5 27. Bc3 g6
28. Qb5 Qd7 29. Bxa5 Ng4 30. Be1 Nxe3 31. Qb3 Qd4 32. h4 Qxc5 33. Bf2 Qc1+ 34.
Kh2 Nf1+ 35. Kg2 Nd2 36. Qd3 Nxf3 37. Kxf3 Qh1+ 38. Ke2 Kg7 39. Qd5 Qb1 40. Qc4
Nd4+ 41. Kd2 Qxe4 42. Bxd4 Qxd4+ 43. Qxd4 exd4 44. Kd3 Kf6 45. Kxd4 Kf5 46. Kc5
Kg4 47. Kb6 Kxg3 48. Kxb7 g5 49. a5 gxh4 0-1